Caricamento...
Milk The most perfect food /
| Autore principale: | |
|---|---|
| Lingua: | Undetermined |
| Pubblicazione: |
Delhi :
Biotech books ,
2007.
|
| Soggetti: |
| LEADER | 00520nam a2200169Ia 4500 | ||
|---|---|---|---|
| 001 | 155472 | ||
| 008 | 170722s9999 xx 000 0 und d | ||
| 020 | |a 8176221791 | ||
| 100 | |a Godbole, N. N. | ||
| 245 | |a Milk |b The most perfect food / | ||
| 260 | |a Delhi : |b Biotech books , |c 2007. | ||
| 300 | |a xx+139 | ||
| 653 | |a Milk | ||
| 923 | |d 20080201 |n 4727 | ||
| 942 | |c GEN | ||
| 999 | |c 136886 |d 136886 | ||
| 952 | |0 0 |1 0 |4 0 |6 KZ_3171_P7 |7 0 |9 193211 |a LIB |b LIB |d 2013-03-25 |e Ajith Book Stall |o KZ31:71 P7 |p 267135 |r 2017-08-12 |v 400.00 |w 2017-08-12 |y GEN | ||